各个声母开头的人口最多的5个城市(城市点位地图版) - Statistics

General Stats
  • This quiz has been taken 49 times
  • The average score is 99 of 119
Answers on the Map
Answers color-coded by a green-red scale on the quiz's map according to % correct below.
 
Answer Stats
声母 人口 省级行政区 城市 % Correct
b 21893095 直辖市 北京市
100%
b 3154062 河北省 保定市
100%
b 1862118 陕西省 宝鸡市
97%
b 2283770 内蒙古自治区 包头市
94%
b 1537231 安徽省 亳州市
91%
p 2305646 福建省 莆田市
91%
f 9498863 广东省 佛山市
91%
f 4094491 福建省 福州市
91%
d 10466625 广东省 东莞市
91%
d 5736383 辽宁省 大连市
91%
d 1754655 黑龙江省 大庆市
91%
t 13866009 直辖市 天津市
91%
t 4529141 山西省 太原市
91%
t 3687607 河北省 唐山市
91%
t 2594581 台湾省 台北市
91%
n 9314685 江苏省 南京市
91%
n 5977185 广西壮族自治区 南宁市
91%
n 3929660 江西省 南昌市
91%
n 3766534 江苏省 南通市
91%
l 3443805 河南省 洛阳市
91%
l 3186658 甘肃省 兰州市
91%
g 18676605 广东省 广州市
91%
g 4506134 贵州省 贵阳市
91%
g 2734275 台湾省 高雄市
91%
g 1725865 广西壮族自治区 桂林市
91%
k 5950578 云南省 昆明市
91%
h 10711238 浙江省 杭州市
91%
h 6976136 黑龙江省 哈尔滨市
91%
h 5118199 安徽省 合肥市
91%
j 1895865 吉林省 吉林市
91%
q 7172451 山东省 青岛市
91%
q 1594721 云南省 曲靖市
91%
x 11133823 陕西省 西安市
91%
x 5163970 福建省 厦门市
91%
zh 6650120 河南省 郑州市
91%
zh 2439585 广东省 珠海市
91%
ch 15419445 四川省 成都市
91%
ch 5980707 湖南省 长沙市
91%
ch 4493029 江苏省 常州市
91%
sh 17338162 广东省 深圳市
91%
z 3386471 山东省 淄博市
91%
s 6715559 江苏省 苏州市
91%
y 1901793 宁夏回族自治区 银川市
91%
w 12447718 湖北省 武汉市
91%
w 3980779 新疆维吾尔自治区 乌鲁木齐市
91%
w 3004246 浙江省 温州市
91%
m 2232865 四川省 绵阳市
88%
f 1486267 江西省 抚州市
88%
d 2030203 山西省 大同市
88%
t 3033840 台湾省 台中市
88%
n 5057140 浙江省 宁波市
88%
k 2092496 江苏省 昆山市
88%
h 3724728 河北省 邯郸市
88%
h 3494715 广东省 惠州市
88%
j 8352574 山东省 济南市
88%
j 2126978 广东省 江门市
88%
j 2120000 山东省 济宁市
88%
q 1881047 河北省 秦皇岛市
88%
q 1728386 福建省 泉州市
88%
x 4365947 台湾省 新北市
88%
x 3589215 江苏省 徐州市
88%
zh 4418060 广东省 中山市
88%
zh 2120178 福建省 漳州市
88%
ch 25379469 直辖市 重庆市
88%
ch 5539649 吉林省 长春市
88%
sh 24870895 直辖市 上海市
88%
sh 7885142 辽宁省 沈阳市
88%
sh 5758403 河北省 石家庄市
88%
r 1551513 山东省 日照市
88%
c 795832 河北省 沧州市
88%
y 2635435 江苏省 扬州市
88%
w 4396835 江苏省 无锡市
88%
韵母 1398867 河南省 安阳市
88%
d 1850869 四川省 达州市
84%
l 3648324 山东省 临沂市
84%
g 2588060 江西省 赣州市
84%
zh 1931455 广东省 湛江市
84%
s 1622912 江苏省 宿迁市
84%
s 1031396 海南省 三亚市
84%
y 3191299 山东省 烟台市
84%
y 2158312 四川省 宜宾市
84%
韵母 1217501 贵州省 安顺市
84%
l 2519051 广西壮族自治区 柳州市
81%
l 2214611 江苏省 连云港市
81%
q 1738424 广东省 清远市
81%
sh 5437602 广东省 汕头市
81%
z 2360549 贵州省 遵义市
81%
z 2280953 山东省 枣庄市
81%
c 1829488 浙江省 慈溪市
81%
y 2379194 江苏省 盐城市
81%
韵母 1079353 湖北省 鄂州市
81%
韵母 894853 陕西省 安康市
81%
m 2539148 广东省 茂名市
78%
f 2128538 安徽省 阜阳市
78%
k 1735581 河南省 开封市
78%
x 2319640 湖北省 襄阳市
78%
s 1766285 安徽省 宿州市
78%
w 2511721 山东省 潍坊市
78%
韵母 1543696 辽宁省 鞍山市
78%
m 992351 广东省 梅州市
75%
m 965452 安徽省 马鞍山市
75%
k 782662 新疆维吾尔自治区 喀什市
75%
z 1297695 四川省 自贡市
75%
s 1264173 四川省 遂宁市
75%
p 1189246 河南省 平顶山市
72%
m 1232648 四川省 眉山市
72%
k 779352 新疆维吾尔自治区 库尔勒市
69%
j 2061551 福建省 晋江市
69%
p 1998619 广东省 普宁市
66%
r 1520386 浙江省 瑞安市
56%
r 1238448 江苏省 如皋市
56%
p 1462563 江苏省 邳州市
53%
f 1390487 福建省 福清市
53%
c 13932 西藏自治区 错那市
53%
r 974541 河南省 汝州市
47%
r 816401 河北省 任丘市
41%
p 1191348 山东省 平度市
34%
z 1166559 山东省 邹城市
31%
c 724364 广西壮族自治区 岑溪市
28%
No matching quizzes found
Score Distribution
Percent of People with Each Score
Percentile by Number Answered
Your Score History
You have not taken this quiz